Corazón de León: Novela santiaguina

Na minha lista:
Detalhes bibliográficos
Principais autores: Marsella, Juan (autor), Cruz Coke, Ricardo (Autor)
Formato: Livro
Idioma:espanhol
Publicado em: Santiago Imprenta Cervantes 1890
Edição:2a. ed
Assuntos:
Tags: Adicionar Tag
Sem tags, seja o primeiro a adicionar uma tag!

MARC

LEADER 00000nam a2200000 a 4500
001 UCJ5932
003 CL-VaPUC
008 070124e18900000CL |||||||||||||||||spa|d
082 0 4 |a Ch863  |b MAR  |2 21 
100 |a Marsella, Juan  |e autor  |9 511923 
700 0 |a Cruz Coke, Ricardo  |e author  |9 511924 
245 1 0 |a Corazón de León: Novela santiaguina 
250 |a 2a. ed 
300 |a 347 p 
942 |c BK 
945 |d 20070124 00:00:00  |a rinostro 
260 |a Santiago  |b Imprenta Cervantes  |c 1890 
500 |a Juan Marsella es pseudónimo de Ricardo Cruz Coke 
650 0 |a Novela chilena   |9 307631 
650 7 |a NOVELA COSTUMBRISTA  |2 CL-VaPUC  |9 504877 
583 |a last modification  |c 20070124 00:00:00  |k Rodrigo Vera 
999 |c 322040  |d 322038 
952 |0 0  |1 0  |4 0  |6 CH_863_000000000000000_MAR_1890  |7 0  |8 X  |9 400949  |a FDOBUD  |b FDOBUD  |d 2019-11-22  |i 1041681  |o Ch863 MAR 1890  |p 1041681  |r 2019-11-22  |w 2019-11-22  |y BK_X  |k BUD